000 00632nam a22001817a 4500
005 20250324110506.0
008 250324b |||||||| |||| 00| 0 eng d
020 _a9781032415079
041 _aEng
082 _a006.3068 HEM
100 _aK, Hemachandran
245 _aArtificial Intelligence for Business: An Implementation Guide Containing Practical and Industry Specific Case Studies
260 _aNew York
_bRoutledge
_c2024
300 _a360;. P. 24 cm
650 _aArtificial Intelligence-Economic aspects; Business Enterprises-Technological Innovations; Data Processing
700 _aRodriguez, Raul V
942 _cBK
999 _c43352
_d43352